[Event "AUTO-INT-3166"]
[Site "http://www.queenalice.com/game.php?id=1455167"]
[Date "2016.12.16"]
[Round "2"]
[White "Fischercat"]
[Black "alexrs"]
[Result "0-1"]
[WhiteElo "1770"]
[BlackElo "2136"]

1. d4 d5 2. e3 e6 3. Nf3 c5 4. dxc5 Bxc5 5. Ne5 Qd6 6. Bb5+ Bd7 7. Bxd7+ Nxd7 8.
Nxd7 Qxd7 9. O-O Nf6 10. b3 d4 11. exd4 Bxd4 12. c3 Be5 13. Bg5 Qxd1 14. Rxd1
Nd5 15. a4 Bxc3 16. Nxc3 Nxc3 17. Rd3 Nd5 18. g3 f6 19. Bd2 Rc8 20. Re1 Kf7 21.
f4 Rhd8 22. h4 Ne7 23. Rxd8 Rxd8 24. Bb4 Rd3 0-1

[Event "AUTO-ADV-3706"]
[Site "http://www.queenalice.com/game.php?id=1455572"]
[Date "2016.12.19"]
[Round "2"]
[White "Mikalus"]
[Black "alexrs"]
[Result "0-1"]
[WhiteElo "1931"]
[BlackElo "2115"]

1. e4 e5 2. Nf3 d6 3. Nc3 g6 4. d4 Nd7 5. d5 Ne7 6. Bc4 Bg7 7. a3 O-O 8. Be3 b6
9. Qd2 f5 10. exf5 Nxf5 11. Bg5 Bf6 12. O-O-O Nd4 13. Bxf6 Nxf3 14. Bxd8 Nxd2
15. Rxd2 Rxd8 16. Ne4 Nc5 17. f3 Nxe4 18. fxe4 Rf8 19. Rf1 Rxf1+ 20. Bxf1 Bd7
21. Be2 Rf8 22. h3 Rf4 23. Bd3 Kg7 24. g4 h5 0-1

[Event "AUTO-ADV-3706"]
[Site "http://www.queenalice.com/game.php?id=1455573"]
[Date "2016.12.19"]
[Round "2"]
[White "alexrs"]
[Black "Mikalus"]
[Result "1-0"]
[WhiteElo "2121"]
[BlackElo "1922"]

1. d4 d5 2. e3 e6 3. g3 c5 4. c4 Nc6 5. Bg2 Nf6 6. Nc3 cxd4 7. exd4 Bb4 8. Ne2
Bd7 9. a3 Bxc3+ 10. Nxc3 dxc4 11. Qe2 Nxd4 12. Qd1 Bc6 13. Bxc6+ Nxc6 14. O-O
Qxd1 15. Rxd1 O-O 16. Bg5 a6 17. Bxf6 gxf6 18. Na4 b5 19. Nb6 Ra7 20. Nd7 Rc8
21. Nxf6+ Kg7 22. Ne4 Ne5 23. a4 Nd3 24. axb5 Nxb2 25. Rdb1 c3 26. Nxc3 1-0

[Event "AUTO-ADV-3706"]
[Site "http://www.queenalice.com/game.php?id=1455578"]
[Date "2016.12.19"]
[Round "2"]
[White "alexrs"]
[Black "Igor2000"]
[Result "1-0"]
[WhiteElo "2148"]
[BlackElo "1928"]

1. d4 d5 2. e3 Nf6 3. Nf3 Bg4 4. Be2 Nc6 5. a3 e6 6. h3 Bh5 7. Nbd2 Bd6 8. g4
Bg6 9. c4 dxc4 10. Nxc4 O-O 11. b4 Ne4 12. Bb2 Be7 13. b5 Nb8 14. Nce5 Bf6 15.
Nxg6 fxg6 16. O-O c6 17. Qc2 Nd6 18. a4 Qc7 19. Qb3 Qe7 20. Ba3 Qd7 21. Ne5 Qe7
22. f4 Rd8 23. g5 Bxe5 24. dxe5 Qd7 25. Bxd6 cxb5 26. axb5 Qf7 27. Bg4 Qe8 28.
Qxe6+ Qxe6 29. Bxe6+ Kh8 30. Bd5 Rd7 31. Rfc1 h6 32. Rc8+ Kh7 33. Bg8+ Kh8 34.
Be6+ Kh7 35. Bxd7 1-0

[Event "AUTO-ADV-3706"]
[Site "http://www.queenalice.com/game.php?id=1455579"]
[Date "2016.12.19"]
[Round "2"]
[White "Igor2000"]
[Black "alexrs"]
[Result "0-1"]
[WhiteElo "1921"]
[BlackElo "2161"]

1. e4 e5 2. Nf3 d6 3. Bc4 Ne7 4. Nc3 h6 5. d4 exd4 6. Nxd4 Nd7 7. Be3 b6 8. Qf3
Ne5 9. Qe2 Nxc4 10. Qxc4 a6 11. Nc6 b5 12. Nxd8 bxc4 13. Nxf7 Kxf7 14. O-O g6
15. f4 Bg7 16. Bd2 Rb8 17. b3 cxb3 18. axb3 Bd4+ 19. Kh1 Bb7 20. Rae1 Bf6 21. e5
Bh4 22. Re2 Nf5 23. Be1 Bxe1 24. Rexe1 Rhe8 25. Nd1 Rbd8 26. Nf2 Nh4 27. Ne4
dxe5 28. fxe5+ Kg7 29. g3 Rxe5 30. gxh4 Rxe4 31. Kg1 Rg4+ 32. Kf2 Rg2+ 33. Ke3
Rxh2 34. Kf4 Rd4+ 35. Ke5 Rhxh4 0-1

[Event "AUTO-ADV-3706"]
[Site "http://www.queenalice.com/game.php?id=1455580"]
[Date "2016.12.19"]
[Round "2"]
[White "alexrs"]
[Black "eduardofelix"]
[Result "1-0"]
[WhiteElo "2177"]
[BlackElo "1839"]

1. d4 d5 2. e3 e6 3. c4 c6 4. Nc3 a6 5. g3 Bb4 6. Bd2 Nf6 7. a3 Bxc3 8. Bxc3
dxc4 9. Bxc4 b5 10. Bd3 Bb7 11. Nf3 h6 12. O-O Nd5 13. Qc2 Nxc3 14. Qxc3 Qf6 15.
Be4 O-O 16. Ne5 Rc8 17. f4 Qd8 18. Qb3 Nd7 19. Nxd7 Qxd7 20. f5 a5 21. fxe6 Qxe6
22. Qd3 Ba6 23. b4 a4 24. Bf5 Qc4 25. Qxc4 bxc4 26. Bxc8 Rxc8 27. Rac1 c3 28.
Rfe1 f6 29. Rxc3 g5 30. Rec1 Bb7 31. Rc5 Ra8 32. Rf1 Kg7 33. Rff5 Bc8 34. Ra5
Rxa5 35. Rxa5 Be6 36. Rxa4 Bd5 37. Ra5 Kg6 38. b5 cxb5 39. Rxb5 Bc4 40. Rb1 Bd3
41. Ra1 g4 42. a4 Kf5 43. a5 Ba6 44. Rb1 h5 45. Rb6 Bd3 46. a6 Be4 47. a7 Kg6
48. Rb8 Bf3 49. a8=Q Bxa8 50. Rxa8 f5 51. Rf8 Kg5 52. d5 Kg6 53. d6 Kg7 54. Rxf5
Kg6 55. Rf4 Kg5 56. d7 1-0

[Event "AUTO-ADV-3706"]
[Site "http://www.queenalice.com/game.php?id=1455581"]
[Date "2016.12.19"]
[Round "2"]
[White "eduardofelix"]
[Black "alexrs"]
[Result "0-1"]
[WhiteElo "1892"]
[BlackElo "2131"]

1. g3 e5 2. d3 d5 3. Bg2 Nf6 4. Bg5 Be7 5. Nf3 Nbd7 6. h3 h6 7. Bd2 b6 8. c4 c6
9. cxd5 cxd5 10. a3 Bb7 11. O-O Rb8 12. b4 e4 13. dxe4 dxe4 14. Nd4 e3 15. Bxe3
Bxg2 16. Kxg2 Qc7 17. Nd2 Nd5 18. Nf5 Qc6 19. f3 g6 20. Rc1 Qf6 21. Qb3 Qxf5 22.
g4 Qe6 23. Kf2 Bh4+ 24. Kg1 Qxe3+ 25. Kh1 Qxb3 26. Nxb3 Ne3 27. Rfd1 Nxd1 28.
Rxd1 Rd8 29. b5 O-O 30. e4 Ne5 31. Rd4 Nxf3 32. Rxd8 Rxd8 33. Kg2 Rd3 34. Nc1
Rxa3 0-1

[Event "AUTO-ADV-3718"]
[Site "http://www.queenalice.com/game.php?id=1460491"]
[Date "2017.1.20"]
[Round "2"]
[White "josebaron"]
[Black "alexrs"]
[Result "0-1"]
[WhiteElo "1991"]
[BlackElo "2154"]

1. e4 e6 2. d4 d5 3. exd5 exd5 4. Nf3 Bg4 5. Be2 Nf6 6. h3 Bxf3 7. Bxf3 Bd6 8.
O-O O-O 9. Nc3 c6 10. Bg5 h6 11. Bh4 Nbd7 12. a4 Qc7 13. Ne2 Rfe8 14. Bg3 Bxg3
15. Nxg3 Nf8 16. c3 Ne6 17. Re1 Qf4 18. Qc1 Qxc1 19. Raxc1 g6 20. a5 Nf4 21.
Rxe8+ Rxe8 22. Rd1 Ne4 23. Kf1 Nd6 24. b4 Nb5 25. Ne2 Nxe2 26. Bxe2 Nxc3 27. Rd2
Nxe2 28. Rxe2 Re4 29. Rxe4 dxe4 30. g4 f5 31. gxf5 gxf5 32. f3 Kf7 33. fxe4 fxe4
34. Kf2 Ke6 35. Ke3 Kd5 36. h4 h5 0-1

[Event "AUTO-ADV-3718"]
[Site "http://www.queenalice.com/game.php?id=1460492"]
[Date "2017.1.20"]
[Round "2"]
[White "alexrs"]
[Black "josebaron"]
[Result "1-0"]
[WhiteElo "2140"]
[BlackElo "2018"]

1. d4 d5 2. e3 Nf6 3. g3 e6 4. Bg2 Be7 5. Ne2 O-O 6. O-O c5 7. c3 c4 8. b3 cxb3
9. axb3 Nc6 10. Na3 a6 11. Bb2 Ne4 12. c4 f5 13. h4 h6 14. Nf4 Rf7 15. Ng6 Kh7
16. Nf4 g5 17. hxg5 Bxg5 18. Nb5 Na7 19. Nc3 Nxc3 20. Bxc3 Bxf4 21. exf4 dxc4
22. bxc4 Nc6 23. d5 exd5 24. cxd5 Ne7 25. d6 Ng6 26. Qd5 Qd7 27. Qd4 Rf8 28.
Rfe1 Rb8 29. Re7+ 1-0

[Event "AUTO-ADV-3718"]
[Site "http://www.queenalice.com/game.php?id=1460497"]
[Date "2017.1.20"]
[Round "2"]
[White "alexrs"]
[Black "RDario"]
[Result "1-0"]
[WhiteElo "2167"]
[BlackElo "2113"]

1. d4 d6 2. e3 Nd7 3. g3 h6 4. Bg2 g5 5. Ne2 Bg7 6. O-O e5 7. c3 Ne7 8. e4 Ng6
9. Na3 Nf6 10. Nc4 Be6 11. d5 Bd7 12. Ne3 O-O 13. c4 h5 14. Nf5 Bxf5 15. exf5
Ne7 16. Bxg5 Nxf5 17. Nc3 Re8 18. Ne4 Nh6 19. Nxf6+ Bxf6 20. Bxh6 h4 21. Be4 Qd7
22. Qh5 Bg7 23. Bf5 Qe7 24. Bg5 f6 25. Qh7+ Kf8 26. Be6 Qxe6 27. dxe6 fxg5 28.
Qf5+ Kg8 29. Qf7+ Kh8 30. e7 h3 31. f4 exf4 32. Qh5+ Kg8 33. Qxg5 a5 34. Rxf4 d5
35. Rg4 Rxe7 36. Qxe7 Rf8 37. Qxg7# 1-0

[Event "AUTO-ADV-3718"]
[Site "http://www.queenalice.com/game.php?id=1460498"]
[Date "2017.1.20"]
[Round "2"]
[White "RDario"]
[Black "alexrs"]
[Result "0-1"]
[WhiteElo "2124"]
[BlackElo "2156"]

1. d4 d5 2. Nf3 e6 3. Bf4 Bd6 4. Be5 f6 5. Bg3 Bxg3 6. hxg3 Nc6 7. e3 Bd7 8. Bd3
Nh6 9. c3 e5 10. Nh4 e4 11. Be2 g5 12. Bh5+ Nf7 13. Qb3 Ne7 14. c4 Be6 15. Nd2
gxh4 16. Rxh4 b6 17. f3 exf3 18. gxf3 dxc4 19. Nxc4 Qd5 20. Nd2 Qxb3 21. axb3
O-O-O 22. Rxa7 Kb8 23. Ra3 Nf5 24. d5 Bxd5 25. e4 Nxh4 26. exd5 Ng2+ 27. Kf2
Rxd5 28. Ne4 Nd6 29. Nxf6 Rd2+ 30. Kg1 Ne3 31. f4 Rg2+ 32. Kh1 Rxg3 33. b4 Ndf5
34. Be8 Rg2 35. Bc6 Ng3# 0-1

[Event "AUTO-ADV-3718"]
[Site "http://www.queenalice.com/game.php?id=1460499"]
[Date "2017.1.20"]
[Round "2"]
[White "alexrs"]
[Black "Tavinho92"]
[Result "1-0"]
[WhiteElo "2153"]
[BlackElo "1635"]

1. d4 e6 2. e4 d5 3. e5 c5 4. c3 Nc6 5. Nf3 f6 6. Bb5 Bd7 7. Bf4 cxd4 8. cxd4
Qa5+ 9. Nc3 Bb4 10. Qb3 Nge7 11. Bxc6 Nxc6 12. a3 fxe5 13. Bxe5 O-O 14. O-O Bxc3
15. bxc3 Nxe5 16. dxe5 Rab8 17. c4 Ba4 18. Qb4 Qxb4 19. axb4 b5 20. c5 Rbd8 21.
Nd4 Rfe8 22. f4 g6 23. g4 h6 24. f5 gxf5 25. gxf5 exf5 26. Rxf5 Kg7 27. Kf2 Kg6
28. Rg1+ Kh7 29. Rf7+ Kh8 30. e6 Rf8 31. Rxf8+ Rxf8+ 32. Ke3 Re8 33. c6 h5 34.
c7 Rc8 35. e7 Re8 36. Kf4 Rc8 37. Rg5 Kh7 38. Rxd5 Kg7 39. Rd8 1-0

[Event "AUTO-ADV-3718"]
[Site "http://www.queenalice.com/game.php?id=1460500"]
[Date "2017.1.20"]
[Round "2"]
[White "Tavinho92"]
[Black "alexrs"]
[Result "0-1"]
[WhiteElo "1679"]
[BlackElo "2137"]

1. e4 e6 2. Nf3 d5 3. exd5 exd5 4. d4 Bd6 5. Bd3 Nf6 6. Nc3 Bg4 7. h3 Bxf3 8.
Qxf3 Nc6 9. O-O Nxd4 10. Qe3+ Ne6 11. Bf5 d4 12. Qf3 dxc3 13. Qxb7 cxb2 14. Bxb2
O-O 15. Bxf6 Qxf6 16. Be4 Nc5 17. Qb4 Qe5 18. g3 Nxe4 19. Rfe1 Bxb4 0-1

[Event "AUTO-ADV-3696"]
[Site "http://www.queenalice.com/game.php?id=1466376"]
[Date "2017.2.24"]
[Round "2"]
[White "alexrs"]
[Black "MariusLola"]
[Result "0-1"]
[WhiteElo "2177"]
[BlackElo "1835"]

1. d4 d5 2. e3 Nf6 3. c4 c6 4. Nc3 e6 5. g3 Bb4 6. Bd2 O-O 7. Bg2 dxc4 8. Qc2 b5
9. Nxb5 Bxd2+ 10. Qxd2 cxb5 11. Bxa8 Nd5 12. Nf3 Bd7 13. Bxd5 exd5 14. O-O Bh3
15. Rfe1 Nc6 16. b3 Qf6 17. Qd1 Nb4 18. Ne5 Rd8 19. a4 Nd3 20. Nxd3 cxd3 21.
Qxd3 Qf3 22. Qf1 Bxf1 23. Rxf1 b4 0-1

[Event "AUTO-ADV-3696"]
[Site "http://www.queenalice.com/game.php?id=1466377"]
[Date "2017.2.24"]
[Round "2"]
[White "MariusLola"]
[Black "alexrs"]
[Result "1-0"]
[WhiteElo "1805"]
[BlackElo "2200"]

1. d4 d5 2. c4 c6 3. Nf3 g6 4. g3 Bg7 5. Bg2 e6 6. O-O Ne7 7. Bg5 O-O 8. c5 b6
9. Nc3 Nd7 10. b4 f5 11. Ne5 Nxe5 12. dxe5 Bxe5 13. Rc1 Bf6 14. Bxf6 Rxf6 15.
Qd2 bxc5 16. bxc5 Qc7 17. a4 Ba6 18. Rfe1 Rd8 19. Qg5 Rdf8 20. h4 f4 21. h5 Rf5
22. Qg4 1-0

[Event "AUTO-ADV-3696"]
[Site "http://www.queenalice.com/game.php?id=1466378"]
[Date "2017.2.24"]
[Round "2"]
[White "alexrs"]
[Black "worldwide"]
[Result "1-0"]
[WhiteElo "2183"]
[BlackElo "2029"]

1. d4 c5 2. d5 d6 3. e4 Nf6 4. Nd2 Qa5 5. c3 e6 6. Nc4 Qc7 7. f3 b5 8. Ne3 c4 9.
b3 Ba6 10. Ne2 Nbd7 11. b4 e5 12. a4 Bb7 13. axb5 a6 14. bxa6 Rxa6 15. Rxa6 Bxa6
16. Qa4 Qb6 17. Ng3 g6 18. Bxc4 Bb7 19. Bb5 Bg7 20. Nc4 Qd8 21. Nxd6+ 1-0

[Event "AUTO-ADV-3696"]
[Site "http://www.queenalice.com/game.php?id=1466379"]
[Date "2017.2.24"]
[Round "2"]
[White "worldwide"]
[Black "alexrs"]
[Result "1-0"]
[WhiteElo "1887"]
[BlackElo "2155"]

1. Nf3 d5 2. d4 e6 3. e3 c5 4. c4 cxd4 5. Nxd4 dxc4 6. Qa4+ Bd7 7. Qxc4 Nf6 8.
Nc3 Nc6 9. Nxc6 Bxc6 10. Qb3 Qd7 11. Bb5 Rc8 12. Bxc6 Qxc6 13. O-O Be7 14. Nb5
Qb6 15. a4 a6 16. Nd4 Qxb3 17. Nxb3 Ne4 18. Nd2 Nc5 19. a5 O-O 20. b4 Nd3 21.
Ba3 Rc2 22. Nf3 Bxb4 23. Ne1 Nxe1 24. Bxb4 Nd3 25. Bxf8 Kxf8 26. Rab1 Ra2 27.
Rxb7 Rxa5 28. Rd7 Ne5 29. Rb7 h5 30. Rd1 g5 31. h3 Kg7 32. f4 gxf4 33. exf4 Ng6
34. Rf1 h4 35. Rbb1 Kf6 36. Ra1 Rxa1 37. Rxa1 1-0

[Event "AUTO-ADV-3696"]
[Site "http://www.queenalice.com/game.php?id=1466380"]
[Date "2017.2.24"]
[Round "2"]
[White "alexrs"]
[Black "Champignac"]
[Result "1-0"]
[WhiteElo "2195"]
[BlackElo "1946"]

1. d4 d5 2. e3 Nf6 3. c4 c6 4. g3 Bg4 5. Be2 Bxe2 6. Qxe2 e6 7. Nc3 Bb4 8. Bd2
O-O 9. a3 Ba5 10. Nf3 Bxc3 11. Bxc3 Ne4 12. O-O Nd7 13. Nd2 1-0

[Event "AUTO-ADV-3696"]
[Site "http://www.queenalice.com/game.php?id=1466381"]
[Date "2017.2.24"]
[Round "2"]
[White "Champignac"]
[Black "alexrs"]
[Result "0-1"]
[WhiteElo "1952"]
[BlackElo "2190"]

1. e4 e5 2. f4 d5 3. exd5 Qxd5 4. Nc3 Qe6 5. Nf3 Bd6 6. Be2 h6 7. d3 Nc6 8. O-O
Nf6 9. fxe5 Nxe5 10. Re1 O-O 11. Nxe5 Qxe5 12. g3 Bc5+ 13. Kh1 Bf2 0-1

[Event "AUTO-ADV-3716"]
[Site "http://www.queenalice.com/game.php?id=1467747"]
[Date "2017.3.7"]
[Round "2"]
[White "alexrs"]
[Black "TITAN10"]
[Result "1-0"]
[WhiteElo "2182"]
[BlackElo "1738"]

1. d4 Nf6 2. e3 e6 3. g3 d5 4. Bg2 c5 5. c3 cxd4 6. cxd4 Nc6 7. Ne2 Bd6 8. Nbc3
O-O 9. O-O a6 10. f3 Bd7 11. e4 dxe4 12. fxe4 Bc7 13. Bg5 Qc8 14. Bxf6 gxf6 15.
Rxf6 Ne7 16. d5 Ng6 17. Qd2 Bd8 18. Rff1 e5 19. Kh1 Re8 20. Rac1 Qb8 21. Qh6 Be7
22. Rxf7 Bf8 23. Qxh7# 1-0

[Event "AUTO-ADV-3716"]
[Site "http://www.queenalice.com/game.php?id=1467748"]
[Date "2017.3.7"]
[Round "2"]
[White "TITAN10"]
[Black "alexrs"]
[Result "0-1"]
[WhiteElo "1740"]
[BlackElo "2181"]

1. e4 e5 2. Nf3 d6 3. h3 g6 4. d4 Nf6 5. Bg5 Bg7 6. dxe5 dxe5 7. Qxd8+ Kxd8 8.
Nxe5 Re8 9. Ng4 Bxg4 10. hxg4 h6 11. Bxf6+ Bxf6 12. c3 Rxe4+ 13. Be2 Bg7 14. Nd2
Re7 15. f3 Nd7 16. Kf2 c6 17. Rad1 Kc7 18. Rhe1 Rae8 19. Bc4 Be5 20. g3 Bxg3+
21. Kxg3 Rxe1 0-1

[Event "AUTO-ADV-3716"]
[Site "http://www.queenalice.com/game.php?id=1467749"]
[Date "2017.3.7"]
[Round "2"]
[White "alexrs"]
[Black "leo2dipikke"]
[Result "1-0"]
[WhiteElo "2138"]
[BlackElo "1801"]

1. d4 d5 2. e3 Nf6 3. g3 Nc6 4. Bg2 e6 5. Ne2 Bd6 6. O-O O-O 7. Nd2 Re8 8. c4 b6
9. cxd5 exd5 10. Nc3 a6 11. Nxd5 Nxd5 12. Bxd5 Bd7 13. Qf3 Qe7 14. Bxc6 Bxc6 15.
Qxc6 f5 16. Nc4 g6 17. b3 Rad8 18. Bb2 Qd7 19. Qxd7 Rxd7 20. Nxd6 Rxd6 21. Rfd1
Rd5 22. Rac1 c5 23. dxc5 Rxc5 24. Bd4 Rxc1 25. Rxc1 b5 26. Rc7 1-0

[Event "AUTO-ADV-3716"]
[Site "http://www.queenalice.com/game.php?id=1467750"]
[Date "2017.3.7"]
[Round "2"]
[White "leo2dipikke"]
[Black "alexrs"]
[Result "0-1"]
[WhiteElo "1826"]
[BlackElo "2135"]

1. e4 e5 2. Nf3 d6 3. d4 exd4 4. Bc4 h6 5. Qxd4 Nc6 6. Qd5 Be6 7. Qd3 Nb4 8. Qb3
Bxc4 9. Qxc4 d5 10. exd5 Qxd5 11. Qxd5 Nxd5 12. Nc3 Ngf6 13. Nxd5 Nxd5 14. O-O
Bd6 15. Re1+ Be7 16. c4 Nb4 17. Re2 Rd8 18. Bf4 c5 19. a3 Nc6 20. Rae1 O-O 21.
Ne5 Nd4 22. Rd2 Bf6 23. Red1 Ne2+ 24. Kf1 Nxf4 25. Nf3 Rxd2 0-1